[Event "HUN-chT2 Barcza 1819"]
[Site "Hungary"]
[Date "2019.03.10"]
[Round "9.8"]
[White "Petyko, Zoltan"]
[Black "Uzonyi, David"]
[Result "1-0"]
[WhiteElo "2128"]
[BlackElo "2050"]
[PlyCount "93"]
[EventDate "2018.09.23"]
[EventType "team-tourn"]
[EventRounds "11"]
[EventCountry "HUN"]
[SourceTitle "EXT 2021"]
[Source "ChessBase"]
[SourceDate "2020.10.23"]
[SourceVersion "1"]
[SourceVersionDate "2020.10.23"]
[SourceQuality "1"]
[WhiteTeam "Miskolc Kisbocsok"]
[BlackTeam "Hajduboszormeny"]
[WhiteTeamCountry "HUN"]
[BlackTeamCountry "HUN"]

1. e4 c5 2. Nf3 e6 3. b4 cxb4 4. d4 d6 5. a3 bxa3 6. c3 Nf6 7. Bd3 Be7 8. Nxa3 Bd7 9. 0-0 Qa5 10. Qe1 Qh5 11. Rb1 Bc6 12. Nb5 0-0 13. Nc7 Nbd7 14. Nxa8 Rxa8 15. c4 b6 16. Qe3 h6 17. h3 e5 18. Ba3 Re8 19. d5 Bb7 20. Ra1 Bc8 21. Nd2 g5 22. Be2 Qg6 23. g4 Kg7 24. Kg2 h5 25. Rg1 hxg4 26. hxg4 a5 27. Rab1 Rh8 28. Rh1 Rxh1 29. Rxh1 Nf8 30. Qh3 N8h7 31. f3 Nd7 32. Nf1 Nc5 33. Ng3 Bf8 34. Nf5+ Kg8 35. Rb1 Na4 36. Rh1 Nc3 37. Bd3 Bd7 38. Kf2 b5 39. cxb5 Bxb5 40. Ke3 Bd7 41. Rc1 Na4 42. Rc7 Bxf5 43. gxf5 Qf6 44. Bb5 Bh6 45. Kd3 Nc5+ 46. Bxc5 dxc5 47. Rc6 1-0

[Event "HUN-chT2 Barcza 1819"]
[Site "Hungary"]
[Date "2019.01.27"]
[Round "6.7"]
[White "Petyko, Zoltan"]
[Black "Lakatos, Krisztian"]
[Result "1-0"]
[WhiteElo "2128"]
[BlackElo "1927"]
[PlyCount "89"]
[EventDate "2018.09.23"]
[EventType "team-tourn"]
[EventRounds "11"]
[EventCountry "HUN"]
[SourceTitle "CBM 189 Extra"]
[Source "ChessBase"]
[SourceDate "2019.06.03"]
[SourceVersion "1"]
[SourceVersionDate "2019.06.03"]
[SourceQuality "1"]
[WhiteTeam "Miskolc Kisbocsok"]
[BlackTeam "Tiszavasvar"]
[WhiteTeamCountry "HUN"]
[BlackTeamCountry "HUN"]

1. e4 e6 2. Nf3 Nc6 3. d4 d5 4. e5 Na5 5. c3 Nc4 6. Bxc4 dxc4 7. Qa4+ Bd7 8. Qxc4 b5 9. Qe2 c5 10. 0-0 h5 11. Rd1 Qc7 12. Bf4 Ne7 13. Nbd2 Ng6 14. Bg5 Bc6 15. dxc5 Bxc5 16. Ne4 Nxe5 17. Nxc5 Bxf3 18. Na6 0-0 19. Nxc7 Bxe2 20. Re1 Rac8 21. Be7 Rxc7 22. Bxf8 Kxf8 23. Rxe2 Nc4 24. Rd1 Nb6 25. Re5 a6 26. Rxh5 Nc4 27. b3 Nb2 28. Rd2 Rxc3 29. h3 Nd3 30. Rh8+ Ke7 31. Ra8 Nb4 32. Ra7+ Kf6 33. Kh2 g6 34. h4 Rc6 35. a3 Nd5 36. Rd3 Kg7 37. Rf3 Nf6 38. Kh3 e5 39. Re3 Re6 40. Rc3 Nd5 41. Rc8 e4 42. Kh2 Rf6 43. Kg1 Nf4 44. Raa8 Re6 45. Re8 1-0

[Event "HUN-chT2 Barcza 1819"]
[Site "Hungary"]
[Date "2018.11.18"]
[Round "4.8"]
[White "Zabiak, Jozsef"]
[Black "Petyko, Zoltan"]
[Result "1/2-1/2"]
[WhiteElo "2148"]
[BlackElo "2128"]
[PlyCount "151"]
[EventDate "2018.09.23"]
[EventType "team-tourn"]
[EventRounds "11"]
[EventCountry "HUN"]
[SourceTitle "CBM 189 Extra"]
[Source "ChessBase"]
[SourceDate "2019.06.03"]
[SourceVersion "1"]
[SourceVersionDate "2019.06.03"]
[SourceQuality "1"]
[WhiteTeam "Szirmabesenyo"]
[BlackTeam "Miskolc Kisbocsok"]
[WhiteTeamCountry "HUN"]
[BlackTeamCountry "HUN"]

1. e4 c5 2. Nf3 e6 3. c3 d5 4. e5 d4 5. cxd4 cxd4 6. Qa4+ Nc6 7. Bb5 Bd7 8. 0-0 Bc5 9. d3 a6 10. Bxc6 Bxc6 11. Qc2 Bxf3 12. gxf3 Qd5 13. Qe2 Ne7 14. Re1 0-0 15. Qe4 Qd7 16. b3 f5 17. Qe2 Nd5 18. f4 Rac8 19. Qf3 Qe7 20. Nd2 Bb4 21. Rd1 g5 22. fxg5 Qxg5+ 23. Kh1 Qe7 24. a3 Bc3 25. Ra2 Kh8 26. Nc4 Rg8 27. Nd6 Rc6 28. Rc2 Rg6 29. Nxf5 Qf8 30. Nxd4 Qxf3+ 31. Nxf3 Rc8 32. Bb2 Rf8 33. Bxc3 Nxc3 34. Rxc3 Rxf3 35. Rg1 Rxf2 36. Rxg6 hxg6 37. Rc8+ Kg7 38. Rc7+ Kh6 39. Rxb7 Rd2 40. Rd7 Kg5 41. Rd6 a5 42. Rxe6 Rxd3 43. Rb6 a4 44. bxa4 Rxa3 45. Ra6 Ra2 46. e6 Kf6 47. a5 Ke7 48. Kg1 Kf6 49. h3 Ke7 50. Kh1 Kf6 51. Kg1 Ke7 52. Kf1 Kf6 53. Ra8 Kxe6 54. a6 Kf5 55. a7 Kg5 56. Ke1 Ra3 57. h4+ Kg4 58. h5 Ra1+ 59. Ke2 Ra2+ 60. Ke3 Ra3+ 61. Kd2 Ra2+ 62. Kc3 gxh5 63. Rg8+ Kf3 64. a8Q+ Rxa8 65. Rxa8 h4 66. Rh8 Kg3 67. Rg8+ Kf2 68. Kd2 h3 69. Rf8+ Kg2 70. Rg8+ Kf2 71. Rf8+ Kg2 72. Ke2 h2 73. Rg8+ Kh1 74. Rh8 Kg2 75. Rg8+ Kh1 76. Rh8 1/2-1/2

[Event "HUN-chT2 Barcza 1819"]
[Site "Hungary"]
[Date "2018.10.28"]
[Round "3.7"]
[White "Duzs, Jozsef"]
[Black "Petyko, Zoltan"]
[Result "1/2-1/2"]
[WhiteElo "1958"]
[BlackElo "2128"]
[PlyCount "25"]
[EventDate "2018.09.23"]
[EventType "team-tourn"]
[EventRounds "11"]
[EventCountry "HUN"]
[SourceTitle "CBM 189 Extra"]
[Source "ChessBase"]
[SourceDate "2019.06.03"]
[SourceVersion "1"]
[SourceVersionDate "2019.06.03"]
[SourceQuality "1"]
[WhiteTeam "Edeleny"]
[BlackTeam "Miskolc Kisbocsok"]
[WhiteTeamCountry "HUN"]
[BlackTeamCountry "HUN"]

1. d4 Nf6 2. Nf3 e6 3. Bf4 c5 4. e3 Nc6 5. c3 d5 6. Nbd2 Bd6 7. Bxd6 Qxd6 8. Be2 0-0 9. 0-0 e5 10. dxe5 Nxe5 11. c4 Rd8 12. cxd5 Qxd5 13. Nxe5 1/2-1/2

[Event "HUN-chT2 Maroczy 1718"]
[Site "Hungary"]
[Date "2017.12.03"]
[Round "3.7"]
[White "Petyko, Zoltan"]
[Black "Szollosi, Laszlo Jr"]
[Result "1/2-1/2"]
[WhiteElo "2185"]
[BlackElo "2121"]
[PlyCount "20"]
[EventDate "2017.10.29"]
[EventType "team-tourn"]
[EventRounds "9"]
[EventCountry "HUN"]
[SourceTitle "EXT 2021"]
[Source "ChessBase"]
[SourceDate "2020.10.23"]
[SourceVersion "1"]
[SourceVersionDate "2020.10.23"]
[SourceQuality "1"]
[WhiteTeam "Miskolc KisBocsok"]
[BlackTeam "Dunaharaszti II"]
[WhiteTeamCountry "HUN"]
[BlackTeamCountry "HUN"]

1. e4 e6 2. d3 d5 3. Nd2 Nf6 4. g3 Nc6 5. Bg2 dxe4 6. dxe4 Bc5 7. Ngf3 e5 8. 0-0 0-0 9. c3 a5 10. Qe2 b6 1/2-1/2

[Event "HUN-chT2 Maroczy 1718"]
[Site "Hungary"]
[Date "2017.11.26"]
[Round "2.8"]
[White "Petyko, Zoltan"]
[Black "Gelle, Istvan"]
[Result "0-1"]
[WhiteElo "2191"]
[BlackElo "2358"]
[PlyCount "56"]
[EventDate "2017.10.29"]
[EventType "team-tourn"]
[EventRounds "9"]
[EventCountry "HUN"]
[SourceTitle "EXT 2021"]
[Source "ChessBase"]
[SourceDate "2020.10.23"]
[SourceVersion "1"]
[SourceVersionDate "2020.10.23"]
[SourceQuality "1"]
[WhiteTeam "Miskolc KisBocsok"]
[BlackTeam "Budapest HASE"]
[WhiteTeamCountry "HUN"]
[BlackTeamCountry "HUN"]

1. e4 c6 2. Nf3 d5 3. Nc3 Nf6 4. exd5 cxd5 5. d4 Nc6 6. Bb5 a6 7. Bxc6+ bxc6 8. Ne5 Qb6 9. Na4 Qb5 10. c4 dxc4 11. Nc3 Qb7 12. Qf3 Be6 13. 0-0 Rc8 14. Bg5 h6 15. Bh4 g5 16. Bg3 Bg7 17. Qe2 c5 18. dxc5 Rxc5 19. f4 gxf4 20. Bxf4 h5 21. Rae1 h4 22. Nxf7 Bxf7 23. Bd6 Rc7 24. Bxc7 Qxc7 25. Rf5 h3 26. gxh3 0-0 27. Qxe7 Qb6+ 28. Kh1 Re8 0-1

[Event "HUN-chT2 Maroczy 1718"]
[Site "Hungary"]
[Date "2017.10.29"]
[Round "1.8"]
[White "Petyko, Zoltan"]
[Black "Mate, Laszlo"]
[Result "1/2-1/2"]
[WhiteElo "2194"]
[BlackElo "2246"]
[PlyCount "133"]
[EventDate "2017.10.29"]
[EventType "team-tourn"]
[EventRounds "9"]
[EventCountry "HUN"]
[SourceTitle "EXT 2021"]
[Source "ChessBase"]
[SourceDate "2020.10.23"]
[SourceVersion "1"]
[SourceVersionDate "2020.10.23"]
[SourceQuality "1"]
[WhiteTeam "Miskolc KisBocsok"]
[BlackTeam "Debrecen Sakkiskola"]
[WhiteTeamCountry "HUN"]
[BlackTeamCountry "HUN"]

1. e4 c6 2. Nf3 d5 3. Nc3 Bg4 4. h3 Bxf3 5. Qxf3 e6 6. g3 Nd7 7. exd5 cxd5 8. Bg2 Ngf6 9. 0-0 Be7 10. d4 0-0 11. Qd3 Rc8 12. Bg5 h6 13. Bd2 Nb6 14. Rae1 Nc4 15. Bc1 Bb4 16. Re2 Qa5 17. Nd1 Qxa2 18. b3 Nb6 19. c3 Qa6 20. Qxa6 bxa6 21. Bd2 Ba3 22. Be1 Bd6 23. Ra2 e5 24. dxe5 Bxe5 25. Rxa6 Rc7 26. f4 Bd6 27. Bf2 Ne4 28. Bxe4 dxe4 29. f5 e3 30. Bxe3 Bxg3 31. Bd4 Re8 32. Kg2 Be1 33. f6 g5 34. Rf5 Rd8 35. Rf3 Rb7 36. Kf1 Bd2 37. Ke2 Bf4 38. Ne3 Re8 39. Kd3 Re6 40. Nf5 Kh7 41. Ne3 Kg6 42. Ra5 Rd7 43. Nc4 Kh7 44. Rxa7 Rxa7 45. Nxb6 Rxb6 46. Bxb6 Rb7 47. Be3 Bxe3 48. Kxe3 Rxb3 49. Kd4 Kg6 50. Ke5 h5 51. Kd4 g4 52. hxg4 hxg4 53. Rf1 Kg5 54. c4 g3 55. c5 Kg4 56. Ke4 g2 57. Rg1 Kg3 58. c6 Rc3 59. Kd5 Kf2 60. Rxg2+ Kxg2 61. Kd6 Kg3 62. Ke7 Kg4 63. Kxf7 Kg5 64. Kg7 Rxc6 65. f7 Rc7 66. Kg8 Rxf7 67. Kxf7 1/2-1/2

[Event "HUN-chT2 Maroczy 1516"]
[Site "Hungary"]
[Date "2015.11.29"]
[Round "3.10"]
[White "Petyko, Zoltan"]
[Black "Borda, Lajos"]
[Result "1-0"]
[WhiteElo "2237"]
[BlackElo "2093"]
[PlyCount "77"]
[EventDate "2015.10.18"]
[EventType "team-tourn"]
[EventRounds "9"]
[EventCountry "HUN"]
[SourceTitle "CBM 170 Extra"]
[Source "ChessBase"]
[SourceDate "2016.02.25"]
[SourceVersion "1"]
[SourceVersionDate "2016.02.25"]
[SourceQuality "1"]
[WhiteTeam "DVTK EMSE"]
[BlackTeam "Magyar Sakkvilag"]
[WhiteTeamCountry "HUN"]
[BlackTeamCountry "HUN"]

1. e4 c5 2. Nc3 d6 3. g3 Nc6 4. Bg2 g6 5. f4 Bg7 6. Nf3 Bg4 7. h3 Bxf3 8. Bxf3 Nd4 9. Bg2 e6 10. Ne2 Nxe2 11. Qxe2 Ne7 12. 0-0 Nc6 13. c3 Qe7 14. d3 0-0 15. g4 Rae8 16. Qf2 f5 17. Be3 fxg4 18. hxg4 g5 19. f5 exf5 20. gxf5 Ne5 21. Qg3 h6 22. Rad1 Bf6 23. d4 Nc4 24. Bc1 Kg7 25. Bf3 Na5 26. Rfe1 Nc6 27. Be3 cxd4 28. cxd4 Nb4 29. Re2 Rc8 30. a3 Nc6 31. Bf2 Rg8 32. e5 dxe5 33. Bxc6 Rxc6 34. dxe5 Kh8 35. Bd4 Qc7 36. Qh3 Re8 37. exf6 Rxe2 38. f7+ Kh7 39. f8Q 1-0

[Event "HUN-chT2 Barcza 1415"]
[Site "Hungary"]
[Date "2015.03.07"]
[Round "?"]
[White "Petyko, Zoltan"]
[Black "Palicz, Laszlo"]
[Result "1-0"]
[WhiteElo "2260"]
[BlackElo "1882"]
[PlyCount "75"]
[EventDate "2014.09.07"]
[EventType "team-tourn"]
[EventRounds "11"]
[EventCountry "HUN"]
[SourceTitle "EXT 2016"]
[Source "ChessBase"]
[SourceDate "2015.10.08"]
[SourceVersion "1"]
[SourceVersionDate "2015.10.08"]
[SourceQuality "1"]
[WhiteTeam "Miskolc Sakkiskola"]
[BlackTeam "Piremon"]
[WhiteTeamCountry "HUN"]
[BlackTeamCountry "HUN"]

1. e4 c6 2. d4 d5 3. e5 Bf5 4. Bd3 Bxd3 5. Qxd3 e6 6. c3 Nd7 7. f4 c5 8. Nf3 Qc7 9. 0-0 g6 10. Na3 a6 11. Bd2 b5 12. Nc2 Nh6 13. Ne3 Be7 14. g4 0-0-0 15. f5 gxf5 16. gxf5 Rhg8+ 17. Kh1 Ng4 18. Nxg4 Rxg4 19. f6 Nxf6 20. exf6 Bxf6 21. Rg1 h5 22. dxc5 Qxc5 23. Be3 Qc4 24. Qxc4+ bxc4 25. Rxg4 hxg4 26. Bg5 Bxg5 27. Nxg5 d4 28. cxd4 Rxd4 29. Nxf7 Rd2 30. Rc1 Rxb2 31. Rxc4+ Kd7 32. a4 a5 33. Rxg4 Rb4 34. Rxb4 axb4 35. Ne5+ Kd6 36. Nd3 b3 37. a5 e5 38. Kg2 1-0